000 00839nam a22002057a 4500
999 _c19668
_d19668
003 AR-CdUCM
008 190308b ||||| |||| 00| 0 spa d
040 _aMUNICIPALIDAD PROVINCIAL DEL CUSCO
_cBIBLIOTECA MUNICIPAL DEL CUSCO
082 _a869.569 /
_bES85
100 _aEspejo Asturrizaga, Juan
_913257
245 _aCésar Vallejo :
_bItinerario del hombre 1892-1923 /
260 _aLima :
_bJuan Mejia Baca editores,
_c1960.
300 _a160 paginas ;
_c24 cm.
_bFotografías,
505 _aContenido :Santiago de Chuco: La tierra donde nació Vallejo -- La familia Vallejo-Mendoza -- Su poema primaveral -- En el correr de los días -- El barco perdido ...
650 _aEscritores peruanos
_9979
650 _aPoetas peruanos
_91611
650 _aLiteratura del siglo xx
_97647
942 _2ddc
_cLIBROS
945 _adavv
_d2019-05-20